000 00417nam a22001817a 4500
003 MPLRDC
005 20220104144253.0
008 210129b ||||| |||| 00| 0 eng d
020 _a962-993-223-7
082 _a857.7 WH
100 _a卫慧
245 _a上海宝贝
_c
250 _a初版
260 _a
_b天地图书有限公司
_c2000
300 _b
650 _a长篇小说
942 _cBK
_o857.7 WH
999 _c47994
_d47984